Stati per Indice di soddisfazione della vita - Statistics

Statistiche generali
  • Questo quiz è stato fatto 6 volte
  • Il punteggio medio è 9 su 12
Statistiche sulle risposte
Indice di soddisfazione della vita Continente Nazione % Corretto
253,33 America del Nord Canada
100%
283,33 Europa Danimarca
100%
256,67 Europa Finlandia
100%
253,33 Europa Irlanda
100%
253,33 Europa Lussemburgo
100%
246,67 America del Nord Stati Uniti
100%
260 Europa Islanda
80%
260 Europa Austria
60%
273,33 Europa Svizzera
60%
266,67 America del Nord Bahamas
40%
253,33 Asia Bhutan
40%
253,33 Asia Brunei
20%
Nessun quiz corrispondente trovato
Distribuzione punteggi
Percentuale di utenti per punteggio
Percentile per numero di risposta
I tuoi punteggi nel tempo
Non hai fatto questo quiz